000
00319nam a2200133Ia 4500
005
20250409181544.0
008
250409s9999||||xx |||||||||||||| ||und||
020
_a
81-264-1363-8
100
_a
CHANDRAMATHI
245
0
_a
NJANDUKALUDE NATTIL ORIDAVELA
260
_b
D C BOOKS
_a
KOTTAYAM
300
_a
102
942
_c
BOOK
999
_c
24090
_d
24090